<?xml version="1.0" encoding="UTF-8"?><?xml-stylesheet type="text/xsl" href="static/style.xsl"?><OAI-PMH xmlns="http://www.openarchives.org/OAI/2.0/" xmlns:xsi="http://www.w3.org/2001/XMLSchema-instance" xsi:schemaLocation="http://www.openarchives.org/OAI/2.0/ http://www.openarchives.org/OAI/2.0/OAI-PMH.xsd"><responseDate>2026-04-17T05:08:03Z</responseDate><request verb="GetRecord" identifier="oai:riubu.ubu.es:10259/4698" metadataPrefix="marc">https://riubu.ubu.es/oai/request</request><GetRecord><record><header><identifier>oai:riubu.ubu.es:10259/4698</identifier><datestamp>2024-11-05T11:06:37Z</datestamp><setSpec>com_10259_4393</setSpec><setSpec>com_10259_5086</setSpec><setSpec>com_10259_2604</setSpec><setSpec>col_10259_4394</setSpec></header><metadata><record xmlns="http://www.loc.gov/MARC21/slim" xmlns:doc="http://www.lyncode.com/xoai" xmlns:xsi="http://www.w3.org/2001/XMLSchema-instance" xmlns:dcterms="http://purl.org/dc/terms/" xsi:schemaLocation="http://www.loc.gov/MARC21/slim http://www.loc.gov/standards/marcxml/schema/MARC21slim.xsd">
<leader>00925njm 22002777a 4500</leader>
<datafield tag="042" ind1=" " ind2=" ">
<subfield code="a">dc</subfield>
</datafield>
<datafield tag="720" ind1=" " ind2=" ">
<subfield code="a">Alonso Tristán, Cristina</subfield>
<subfield code="e">author</subfield>
</datafield>
<datafield tag="720" ind1=" " ind2=" ">
<subfield code="a">González López, Juan Antonio</subfield>
<subfield code="e">author</subfield>
</datafield>
<datafield tag="720" ind1=" " ind2=" ">
<subfield code="a">Hevia de los Mozos, Fernando</subfield>
<subfield code="e">author</subfield>
</datafield>
<datafield tag="720" ind1=" " ind2=" ">
<subfield code="a">García de la Fuente, Isaías</subfield>
<subfield code="e">author</subfield>
</datafield>
<datafield tag="720" ind1=" " ind2=" ">
<subfield code="a">Cobos, José Carlos .</subfield>
<subfield code="e">author</subfield>
</datafield>
<datafield tag="260" ind1=" " ind2=" ">
<subfield code="c">2017-03</subfield>
</datafield>
<datafield tag="520" ind1=" " ind2=" ">
<subfield code="a">Liquid−liquid equilibrium (LLE) phase diagrams&#xd;
have been determined, by means of the critical opalescence method&#xd;
with a laser scattering technique, for the mixtures 4-phenylbutan-2-&#xd;
one + CH3(CH2)nCH3 (n = 10,12,14) and for benzyl ethanoate +&#xd;
CH3(CH2)nCH3 (n = 12,14). The systems are characterized by&#xd;
having an upper critical solution temperature (UCST), which&#xd;
increases with n. The corresponding LLE curves show a rather&#xd;
horizontal top and become skewed toward higher mole fractions of&#xd;
the polar compound when n is increased. Calorimetric and LLE&#xd;
measurements show that, for mixtures with molecules with a given&#xd;
functional group, interactions between aromatic molecules are&#xd;
stronger than those between homomorphic linear molecules&#xd;
(aromaticity effect). This has been ascribed to proximity effects&#xd;
arising from the presence of the polar group and the aromatic ring within the same molecule. Proximity effects become weaker in&#xd;
the sequence 1-phenylpropan-2-one >4-phenylbutan-2-one >1-phenylethanone and are more important in benzyl ethanoate than&#xd;
in ethyl benzoate molecules. Values of the critical compositions and temperatures calculated with the DISQUAC group&#xd;
contribution model are in good agreement with the experimental results. Accordingly, the shape of the LLE curves is also&#xd;
correctly described by DISQUAC.</subfield>
</datafield>
<datafield tag="024" ind2=" " ind1="8">
<subfield code="a">0021-9568</subfield>
</datafield>
<datafield tag="024" ind2=" " ind1="8">
<subfield code="a">http://hdl.handle.net/10259/4698</subfield>
</datafield>
<datafield tag="024" ind2=" " ind1="8">
<subfield code="a">10.1021/acs.jced.6b00803</subfield>
</datafield>
<datafield tag="245" ind1="0" ind2="0">
<subfield code="a">Liquid–Liquid Equilibria for Systems Containing 4-Phenylbutan-2-one or Benzyl Ethanoate and Selected Alkanes</subfield>
</datafield>
</record></metadata></record></GetRecord></OAI-PMH>